LEADER 01065nam0-2200349---450 001 990008363710403321 005 20170327102029.0 035 $a000836371 035 $aFED01000836371 035 $a(Aleph)000836371FED01 035 $a000836371 100 $a20060712d1990----km-y0itay50------ba 101 1 $aita 102 $aIT 105 $aa-------001yy 200 1 $aMucologia bronchiale e relative patologie$f[a cura di] Luigi Allegra, Pier Carlo Braga 210 $a[S.l.]$cDompé farmaceutici$dc1990 215 $aXI, 234 p.$cill.$d24 cm 225 1 $aCollana in mucologia bronchiale 300 $aEdizione fuori commercio 454 0$12001$aBronchial mucology and related diseases$956287 610 0 $aBronchi$aMalattie 676 $a616.23 702 1$aAllegra,$bLuigi$f<1938- > 702 1$aBraga,$bPier Carlo 801 0$aIT$bUNINA$gRICA$2UNIMARC 901 $aBK 912 $a990008363710403321 952 $a80 XXII 40 CFT (11)$bCFT$fFFABC 959 $aFFABC 996 $aBronchial mucology and related diseases$956287 997 $aUNINA LEADER 01017nas 2200337 450 001 990003488260203316 005 20220825132226.0 011 $a0038-5506 035 $aUSA01000348826 035 $a(ALEPH)000348826USA01 035 $a000348826 100 $a20110124a----9999km-y-itay50------ba 101 0 $aeng 102 $aUS 110 $aazazz--|||| 200 1 $aSoviet journal of nuclear physics$fAkademija Nauk SSSR 210 $aNew York$cAmerican Institute of Physics 215 $avolumi$cill.$d27 cm 300 $aComincia nel 1965 300 $aDescrizione basata su: Vol.18, n.1(1974) 606 0 $aParticelle elementari$xPeriodici$2BNCF 676 $a539.7205 712 02$aAkademija Nauk SSSR 801 0$aIT$bsalbc$gISBD 912 $a990003488260203316 958 $aSCI$bPER IV$c1973-1974;$l1973-1974; 959 $aSE 979 $aMANCUSO$b90$c20110124$lUSA01$h1200 979 $aMANCUSO$b90$c20110128$lUSA01$h1311 996 $aSoviet journal of nuclear physics$9786589 997 $aUNISA